000 00685nam a22002177a 4500
003 0
005 20250318144928.0
008 250318b xxu||||| |||| 00| 0 eng d
020 _a978-621-427-107-8
050 _aHB 615
_b.F75 2022
100 _aFrias, Solita A.
245 _aEntrepreneurship
_cSolita A. Frias and Cristina B. Banastao
250 _a2022 edition
260 _aManila
_bUnlimited Books Library Services and Publishing Inc.
_c2022
300 _axii, 248 pages ;
_c26cm.
500 _acopy 1
504 _aIncludes bibliographical references, index, and appendices.
650 _aEntrepreneurship.
700 _aBanastao, Cristina B.
942 _2lcc
_cBK
999 _c367303
_d367303